Rzeczowniki zaczynające się na POD- - Statystyki

Ogólne statystyki
  • Ten quiz został rozwiązany 21 razy
  • Średni wynik to 14 z 44
Statystyki odpowiedzi
Odpowiedź % Poprawnych
podstawa
78%
podanie
72%
podłoga
72%
podręcznik
67%
poduszka
67%
podest
61%
podaż
56%
podeszwa
56%
podkowa
56%
podróż
56%
podatek
50%
podkład
50%
podobieństwo
44%
podwórko
44%
podział
44%
podejście
39%
podkładka
39%
podmiot
39%
podpis
39%
podryw
39%
podolog
33%
podpora
33%
podstęp
33%
podstawówka
28%
poddasze
22%
podejrzenie
22%
podłość
22%
podziw
22%
podbródek
17%
podium
17%
podskok
17%
podsumowanie
17%
podwyżka
17%
podniebienie
11%
podopieczny
11%
podbrzusze
6%
podejrzany
6%
podejrzliwość
6%
podsłuch
6%
podwieczorek
6%
podwładny
6%
podatność
0%
podpunkt
0%
podświadomość
0%
Nie znaleziono quizów pasujących do podanych kryteriów
Rozkład punktacji
Procent ludzi z każdym wynikiem
Percentyl według liczby udzielonych odpowiedzi
Twoja historia wyników
Nie rozwiązałeś tego quizu